Dibujo axonométrico industrial : perspectiva caballera.

Bibliographic Details
Main Author: Carreras Soto, T.
Format: Section = Libro
Language:Undetermined
Spanish
Published: Sevilla Carreras Soto 1965
Edition:5a.ed.
Subjects:
LEADER 00564nam a2200205Ia 4500
008 240829s9999 xx 000 0 und d
040 |a BIBLIOTECA-RUSB/ 604.2 C314, v.1 
041 |a spa 
082 |a 604.2 C314, v.1 
100 1 |a Carreras Soto, T. 
245 1 0 |a Dibujo axonométrico industrial : perspectiva caballera. 
250 |a 5a.ed. 
260 |a Sevilla  |b Carreras Soto  |c 1965 
300 |a 121 p. :il. 
650 7 |a DIBUJO TECNICO 
650 7 |b  DIBUJO AXONOMETRICO 
650 7 |c  PERSPECTIVA CABALLERA. Tit. 
942 |c BK  |2 ddc 
991 |a TEXTO 
999 |c 2614